00925naa a2200217 a 450000100080000000500110000800800410001910000190006024500640007926000090014352003590015265300150051165300110052665300200053765300140055770000160057170000150058770000170060270000180061977300700063711230232015-02-10 1987 bl uuuu u00u1 u #d1 aRIBEIRO, P. A. aComportamento de algumas cultivares.h[electronic resource] c1987 aA cultura da macieira, Malus domestica, teve inicio em Santa Catarina h?? algumas d??cadas, atrav??s de colonizadores europeus que formaram pequenos pomares caseiros com cultivares, na maioria, de baixa qualidade. Tais pomares, apesar de n??o tecnificados, apresentaram produ????es que permitiriam revelar suas potencialidades, especialmente clim??ticas. acultivares aMa???? aMalus domestica aQualidade1 aPEREIRA, A.1 aCAMILO, A.1 aPETRI, J. L.1 aCAMELATTO, D. tToda Fruta, S??o Caetano do Sul, SPgv. 2, n. 18, p. 34-38, 1987.